| 000 | 00506nam a22001697a 4500 | ||
|---|---|---|---|
| 003 | SISC | ||
| 005 | 20160317094518.0 | ||
| 008 | 130902t xxu||||| |||| 00| 0 eng d | ||
| 050 |
_aPE 1408 _b.L668 1970 |
||
| 082 |
_aHS 808 _bL57 1970 |
||
| 100 |
_aLevy, Edward R. _916229 |
||
| 245 |
_aRhetoric in thought and writing / _cEdward R. Levy, Charlene H. Tibbetts. |
||
| 260 |
_aNew York : _bHolt, Rinehart and Winston, Inc, _cc1970. |
||
| 300 |
_a142 p. : _c23 cm. |
||
| 942 |
_2lcc _cBK |
||
| 999 |
_c10203 _d10203 |
||